[Event "IECG CP.1998.P.00033"]
[Site "IECG email"]
[Date "1998.??.??"]
[Round "?"]
[White "Benassi, Aspasio"]
[Black "Valdimarsson, Gardar"]
[Result "1-0"]
[WhiteElo "2068"]
[BlackElo "800"]
[PlyCount "81"]
[EventDate "1998.10.01"]
[EventType "tourn (corr)"]
[EventRounds "6"]
[EventCountry "RUS"]
[SourceTitle "Corr 2008"]
[Source "ChessBase"]
[SourceDate "2008.06.24"]
[SourceVersion "1"]
[SourceVersionDate "2008.06.24"]
[SourceQuality "1"]

1. b4 e6 2. Bb2 Nf6 3. b5 d5 4. e3 c5 5. c4 Nbd7 6. d3 e5 7. cxd5 Nxd5 8. Qb3 c4 9. Qxc4 Qa5+ 10. Nd2 N5b6 11. Qb3 Nc5 12. Qc3 Qxc3 13. Bxc3 f6 14. d4 Nca4 15. Ba5 Nd5 16. Bc4 Bb4 17. Bxd5 Bxa5 18. dxe5 fxe5 19. Ngf3 Nc3 20. Nc4 Nxd5+ 21. Nxa5 e4 22. Nd2 Nf6 23. Rc1 0-0 24. a4 Rf7 25. Ndc4 Ne8 26. Nb3 Be6 27. 0-0 Rd8 28. Nd4 Bd5 29. Rfd1 Rfd7 30. Ne5 Rd6 31. Nf5 Re6 32. Nc4 Nf6 33. a5 g6 34. Nd4 Re7 35. Nb2 Red7 36. Rd2 Kf7 37. Na4 Ng4 38. b6 a6 39. Rc7 Kg8 40. Ne2 Bb3 41. Rdxd7 1-0